000 00619nam a22002057a 4500
005 20221213150008.0
008 221109b ||||| |||| 00| 0 eng d
040 _cAL
041 _aeng
082 _223
_a328.542
_bLOKL
100 _aLok Sabha Secretariat
_965743
245 _aLok sabha debates:
_bSeventh session Vol 25 No 1-10
260 _aNew Delhi
_bLok Sabha Secretariat
_c1964
300 _aiX,2058p.
_bHB
_c23x16cm.
365 _2Political Science
440 _aThird series:
_961548
_nVol 25 No 1-10
650 _aDebates Parliament
_961549
700 _aLOK SABHA SECRETARIAT
_961550
942 _2ddc
_cGF
999 _c225657
_d225657